Statystyki dla Zawodnicy Clout MMA

Kliknij tutaj aby rozwiązać quiz!

Ogólne statystyki

  • Ten quiz został rozwiązany 70 razy
    (20 od ostatniego zresetowania)
  • Średni wynik to 27 z 56

Statystyki odpowiedzi

GalaZawodnik% Poprawnych
Clout MMA 1,2Marcin "El Testosteron" Najman
88%
Clout MMA 1,2Piotr "Lizak" Lizakowski
88%
Clout MMA 1,2Nikola "Nikita" Alokin-Biela
82%
Clout MMA 1,2Adrian Cios
76%
Clout MMA 2Denis "Bad Boy" Załęcki
76%
Clout MMA 1Tomasz "Gianni" Hajto
76%
Clout MMA 1Zbigniew Bartman
76%
Clout MMA 1,2Denis Labryga
71%
Clout MMA 2Małgorzata "Gosia Magical, Margaret, Goha Magical" Zwierzyńska
71%
Clout MMA 1,2Mariusz "Super Mario Trener" Sobczak
71%
Clout MMA 1Andrzej "Polski Książe, The Polish Prince" Fonfara
65%
Clout MMA 1,2Dawid "Crazy" Załęcki
65%
Clout MMA 1Dominik Skowyra
65%
Clout MMA 1Jay "Da Spyda Killa" Silva
65%
Clout MMA 1Kacper "Ludwiczek" Bociański
65%
Clout MMA 2Katarzyna "Lala Laluna" Alexander
65%
Clout MMA 1Łukasz "Magical Jr." Malankowski
65%
Clout MMA 1Monika "Najlepsza Polska Dziennikarka" Laskowska
65%
Clout MMA 1 (Odwołane)Paweł "Scarface" Bomba
65%
Clout MMA 2Rafał "Boro" Borkowski
65%
Clout MMA 1,2Tomasz Sarara
65%
Clout MMA 1,2Konrad Karwat
59%
Clout MMA 1Wojciech "Rekordzista" Sobierajski
59%
Clout MMA 1Błażej Augustyn
53%
Clout MMA 2Daniel Omielańczuk
53%
Clout MMA 1Dominik Pudzianowski
53%
Clout MMA 1Ewa "Mrs Honey" Wyszatycka
53%
Clout MMA 1Paulina Hornik
53%
Clout MMA 1Piotr Pająk
53%
Clout MMA 2 (Odwołane)Jakub "Holak" Krawczyk-Holak
47%
Clout MMA 2 (Odwołane)Jakub "Japczan" Piotrowicz
47%
Clout MMA 2Krzysztof "Wujaszek Fericze" Ferenc
47%
Clout MMA 1Tomasz "Szalony Reporter" Matysiak
47%
Clout MMA 2Anthony "Toni" Chaplin
41%
Clout MMA 2Błażej "Skrzypas" Skrzypek
41%
Clout MMA 1 (Odwołane)Jarosław "Ninja Jarek" Sobonkiewicz
41%
Clout MMA 2Kamil Minda
41%
Clout MMA 2Marcel "Gawronek" Gawroński
41%
Clout MMA 1Michał "Potężny Tłumacz" Waleszczyński-Lis
41%
Clout MMA 2Agnieszka Bobek
35%
Clout MMA 1Cezary "Czarek Czaruje" Gołąbiewski
35%
Clout MMA 2 (Odwołane)Jérôme Le Banner
35%
Clout MMA 2Krystian "Świstak" Bajor
29%
Clout MMA 2 (Odwołane)Piotr "Bestia" Piechowiak
24%
Clout MMA 2Albert "Dragon" Sosnowski
18%
Clout MMA 2 (Odwołane)Bob "The Beast" Sapp
18%
Clout MMA 2Fabian "Banersky" Baner
18%
Clout MMA 2Gustaw "Gustaw Carvalho" Ordyłowski
18%
Clout MMA 2Mateusz "Mavs TV" Szczypior
18%
Clout MMA 2Remigiusz "Remi" Gruchała
18%
Clout MMA 2Denis "Tona" Zakrzewski
12%
Clout MMA 2Marcin Szwed
12%
Clout MMA 2Radosław "Radar" Kalisz
12%
Clout MMA 2Alan "Sanchez" Stepień
6%
Clout MMA 2Kacper Kurek
6%
Clout MMA 2Szymon "Lord Szymass" Patyna
6%

Rozkład punktacji

Percentyl według liczby udzielonych odpowiedzi

Procent ludzi z każdym wynikiem

Twoja historia wyników

Nie rozwiązałeś tego quizu od ostatniego zresetowania